01395nas a2200217 4545000010006000000050017000060080037000230030015000600400040000750800097001152450046002120220014002582640044002723100355003165050295006711000038009667000021010046500031010256500013010568560108010691936820260407193505.0260407s1982####ag###########|||spa#dAR-UNSa-BCEJYS aAR-UNSa-BCEJYSbspacAR-UNSa-BCEJYS a338.43xAgricultura como una rama de la economía. Economía de los productos alimenticios10aBolsa de CerealespNúmero estadístico a0084-7968 1aBuenos Aires :bBolsa de Cerealesc1982 aFrecuencia: Anual Cambia de Director a partir del Año 1980 por José J. Manny Lalor Cambia de Director a partir del Año 1984 por Jorge Cort Cambia de Director a partir del Año 1988 por Guillermo F. Moresco Cambia de Director a partir del Año 1989 por Fernando R. Frávega Cambia de Director a partir del Año 1998/2000 por Adrián R. Vera aEl lector encontrará en las páginas siguientes una pormenorizada información sobre la evolución de la producción y comercialización de los productos agrícolas, tanto a nivel nacional como internacional, haciendo especial referencia a lo acontecido durante los años 1978-20111 aBolsa de Cereales de Buenos Aires1 aGogna, José M. aEstadísticas agrícolas aCereales41uhttps://biblioeco.unsa.edu.ar/pmb/images/revistas/N?mero Estad?stico.jpgyImagen de portadaqimage/jpeg